00422 2200181 4500001002100000005001500021035002000036008004100056245003100097100001600128250000600144260003000150300001200180084001400192082000800206650001400214990001200228INLIS00000000000006920240502103701 a0010-0424000045240502 0 ind 1 aGeografi XII /cCut Meurah aMeurah, Cut a1 aJakarta :bPhibeta,c2006 a241 hlm a900 CUT g a900 4aNon Fiksi a0737311